000 00650nam a2200253Ia 4500
005 20260121160136.0
008 008 260114s9999 xx 000 0 eng d
020 _a9781315144191
037 _aEBOOK
040 _aCRL
040 _beng
040 _cCRL
041 _2eng
041 _aeng
084 _qCRL
100 _a Heinz D. Kurz; Jos‚ Lu¡s Cardoso; Philippe Steiner
_91028209
245 0 _aEconomic Analyses in Historical Perspective
260 _bTaylor and Francis
260 _c2018
856 _uhttp://www.taylorfrancis.com/books/9781315144191
942 _cEBOOK
999 _c1595028
_d1595028